| 000 | 00862cab a2200253 4500 | ||
|---|---|---|---|
| 001 | WB2912-65 | ||
| 008 | 090401t1993 xxu||||| |||| 00| 0 eng d | ||
| 035 | _a(Sirsi) u27140 | ||
| 041 | _aeng | ||
| 100 | _aPeto, R. | ||
| 245 | _aNon-property company accounts | ||
| 260 | _c1993 | ||
| 350 | _a0 | ||
| 490 |
_aCSW - The Property Week _v42(12) 25 March 1993, 60(1) |
||
| 520 | _aDiscusses the problems faced by surveyors who have to assess property assets in non-property company accounts. Includes references to the validity of open market value and depreciated replacement cost. | ||
| 650 | _aANNUAL VALUATIONS | ||
| 650 | _aASSET VALUES | ||
| 650 | _aCOMPANY ACCOUNTS | ||
| 650 | _aPROPERTY ASSETS | ||
| 650 | _aSTATEMENTS OF ASSET VALUATION PRACTICE AND GUIDANCE NOTES | ||
| 690 | _aRATING AND VALUATION | ||
| 942 | _n0 | ||
| 948 | _c04/03/1997 | ||
| 999 |
_c18277 _d18277 |
||